| 000 | 00438nam a22001697a 4500 | ||
|---|---|---|---|
| 005 | 20160503111326.0 | ||
| 008 | 160503b xxu||||| |||| 00| 0 eng d | ||
| 020 | _a195675169 | ||
| 041 | _aeng | ||
| 082 | _b1178 | ||
| 100 |
_aDeolalikar B. Anil _9397 |
||
| 245 | _aAttaining the millennium development gaals in India | ||
| 260 |
_aNew Delhi _bOxford University Press, _c2005 |
||
| 300 | _a139 | ||
| 650 |
_aManagement _9241 |
||
| 942 | _cBK | ||
| 999 |
_c470 _d470 |
||